书目信息 |
| 题名: |
美术教师专业发展图景
|
|
| 作者: | 李静 著 | |
| 分册: | ||
| 出版信息: | 重庆 西南师范大学出版社 2017.05 |
|
| 页数: | 303页 | |
| 开本: | 25cm | |
| 丛书名: | 新生代美术教育家书系 | |
| 单 册: | ||
| 中图分类: | G633.955.2 | |
| 科图分类: | ||
| 主题词: | 美术课--中小学--师资培训--教学研究 | |
| 电子资源: | ||
| ISBN: | 978-7-5621-8711-0 | |
| 000 | 01148oam2 2200253 450 | |
| 001 | 4377 | |
| 005 | 20180613145509.87 | |
| 010 | @a978-7-5621-8711-0@b精装@dCNY80.00 | |
| 100 | @a20180412d2017 em y0chiy50 ea | |
| 101 | 0 | @achi |
| 102 | @aCN@b500000 | |
| 105 | @aa z 000yy | |
| 200 | 1 | @a美术教师专业发展图景@9mei shu jiao shi zhuan ye fa zhan tu jing@e知识与行动的研究@f李静著 |
| 210 | @a重庆@c西南师范大学出版社@d2017.05 | |
| 215 | @a303页@c图@d25cm | |
| 225 | 1 | @a新生代美术教育家书系@f尹少淳主编 |
| 330 | @a全书分六章,另外包括序言、附录、参考文献等。序章阐述研究的缘起、目的和意义、国内外研究现状与分析、研究内容、方法和技术路线等。第一章是我国美术教师专业发展理论基础研究,第二章是我国美术教师专业知识内容研究,第三章是我国美术教师专业发展途经研究,第四章是我国美术教师专业发展策略研究,第五章是我国美术教师专业发展图景研究,第六章是全书小结。 | |
| 461 | 0 | @12001 @a新生代美术教育家书系 |
| 517 | 1 | @a知识与行动的研究@9zhi shi yu xing dong de yan jiu |
| 606 | 0 | @a美术课@x中小学@x师资培训@x教学研究 |
| 690 | @aG633.955.2@v5 | |
| 701 | 0 | @a李静@9li jing@4著 |
| 801 | 0 | @aCN@b91MARC@c20180412 |
| 905 | @aMuseLib@dG633.955.2@e140 | |
| 美术教师专业发展图景:知识与行动的研究/李静著.-重庆:西南师范大学出版社,2017.05 |
| 303页:图;25cm.-(新生代美术教育家书系/尹少淳主编) |
| ISBN 978-7-5621-8711-0(精装):CNY80.00 |
| 全书分六章,另外包括序言、附录、参考文献等。序章阐述研究的缘起、目的和意义、国内外研究现状与分析、研究内容、方法和技术路线等。第一章是我国美术教师专业发展理论基础研究,第二章是我国美术教师专业知识内容研究,第三章是我国美术教师专业发展途经研究,第四章是我国美术教师专业发展策略研究,第五章是我国美术教师专业发展图景研究,第六章是全书小结。 |
| ● |
| 相关链接 |
|
|
|
|
正题名:美术教师专业发展图景
索取号:G633.955.2/140
 
预约/预借
| 序号 | 登录号 | 条形码 | 馆藏地/架位号 | 状态 | 备注 |
| 1 | 1117243 | 211172434 | 第一样本阅览室/ [索取号:G633.955.2/140] | 在馆 | |
| 2 | 1117244 | 211172443 | 教育系资料室/ [索取号:G633.955.2/140] | 在馆 | |
| 3 | 1117245 | 211172452 | 教育系资料室/ [索取号:G633.955.2/140] | 在馆 | |
| 4 | 1117246 | 211172461 | 教育系资料室/ [索取号:G633.955.2/140] | 在馆 | |
| 5 | 1117247 | 211172470 | 第四借阅区/ [索取号:G633.955.2/140] | 在馆 |